| 000 | 00887nam a2200241 a 4500 | ||
|---|---|---|---|
| 001 | 365 | ||
| 003 | BR-CuiBMT | ||
| 005 | 20231129045705.0 | ||
| 008 | 231101b2017 mgb 000 0 por d | ||
| 020 | _a9788545002260 | ||
| 040 |
_aBR-CuiBMT _cBR-CuiBMT |
||
| 080 |
_22007 _a342.9:502.131.1 |
||
| 090 |
_a342.9:502.131.1 _bM838d |
||
| 100 | 1 | _aMoreira, Rafael Martins Costa | |
| 245 | 1 | 0 |
_aDireito administrativo e sustentabilidade : _bo novo controle judicial da administração pública / _cRafael Martins Costa Moreira ; prefácio Juarez Freitas. |
| 260 |
_aBelo Horizonte : _bFórum, _c2017. |
||
| 300 |
_a224 p. ; _c22 cm |
||
| 504 | _aInclui bibliografia. | ||
| 650 |
_aDireito administrativo _xAspectos ambientais _zBrasil |
||
| 650 |
_aDesenvolvimento sustentável _xControle judicial _zBrasil |
||
| 650 |
_aContratação sustentável _xControle judicial _zBrasil |
||
| 942 |
_2udc _cLV |
||
| 999 |
_c365 _d365 |
||